000 00864cam a2200325 4500
008 090401t1995 xxu||||| |||| 00| 0 eng d
020 _a0863421857
035 _a(Sirsi) u14399
041 _aeng
050 _a711.4
100 _aGlasson, John
245 4 _aThe Joint European Torus Project : impact on the local economy.
260 _aOxford
_bOxford Brookes University
_c1995
300 _aiv,93p. ; 30cm.
350 _a6
490 _aWorking Paper
_v163
650 _aALTERNATIVE USES
650 _aEMPLOYMENT
650 _aHOUSING
650 _aJET PROJECT
650 _aJOINT EUROPEAN TORUS PROJECT
650 _aOXFORDSHIRE
650 _aPLANNING
690 _aPLANNING LAW AND PRACTICE
700 _aWeston, Joe
700 _aChadwick, Andrew
710 _aOxford Brookes University
_9281
942 _n0
948 _c04/03/1997
999 _c87176
_d87176